000 00607nam a2200181Ia 4500
008 100920s9999 xx 000 0 und d
082 _b70281
_a24 थ 97
100 _aसोनवणी संजय.
245 _aमीच मांडीन खेळ माझा.
260 _bपुष्प प्रकाशन, पुणे.
_c1997
300 _a80
_bसाधी
365 _b50
520 _aसायो.
630 _aमीच मांडीन खेळ माझा.
650 _aसायो.
730 _aमीच मांडीन खेळ माझा.
942 _cBOOK
999 _c712312
_d712309